书目信息 |
| 题名: |
我的健康我做主
|
|
| 作者: | 杨晓光 , 赵春媛 主编 | |
| 分册: | 下篇 睡眠·运动·性爱 | |
| 出版信息: | 北京 人民军医出版社 2009.01 |
|
| 页数: | 194页 | |
| 开本: | 23m | |
| 丛书名: | ||
| 单 册: | ||
| 中图分类: | R161 | |
| 科图分类: | ||
| 主题词: | 保健--bao jian--基本知识 | |
| 电子资源: | ||
| ISBN: | 978-7-5091-2383-6 | |
| 000 | 00941nam0 2200253 450 | |
| 001 | 012009780265 | |
| 005 | 20091226101404.31 | |
| 010 | @a978-7-5091-2383-6@dCNY28.00 | |
| 100 | @a20091225d2009 em y0chiy0120 ea | |
| 101 | 0 | @achi |
| 102 | @aCN@b110000 | |
| 105 | @ay z 000yy | |
| 106 | @ar | |
| 200 | 1 | @a我的健康我做主@Awo de jian kang wo zuo zhu@h下篇@i睡眠·运动·性爱@f杨晓光,赵春媛主编@Fyang xiao guang,zhao chun yuan zhu bian |
| 210 | @a北京@c人民军医出版社@d2009.01 | |
| 215 | @a194页@d23m | |
| 330 | @a本书提供的是关乎生命健康的睡眠、运动、性爱这三方面的相关知识、理念与做法。作者深入浅出地论述了睡眠、运动与性爱的科学保健养生原理和方法。 | |
| 517 | 1 | @a睡眠·运动·性爱@Ashui mian·yun dong·xing ai |
| 606 | 0 | @a保健@Abao jian@x基本知识 |
| 690 | @aR161@v4 | |
| 701 | 0 | @a杨晓光@Ayang xiao guang@4主编 |
| 701 | 0 | @a赵春媛@Azhao chun yuan@4主编 |
| 801 | 0 | @aCN@bQSSK@c20091226 |
| 905 | @b768525-27@dR161@eY301:2@f3 | |
| 我的健康我做主.下篇.睡眠·运动·性爱/杨晓光,赵春媛主编.-北京:人民军医出版社,2009.01 |
| 194页;23m |
| ISBN 978-7-5091-2383-6:CNY28.00 |
| 本书提供的是关乎生命健康的睡眠、运动、性爱这三方面的相关知识、理念与做法。作者深入浅出地论述了睡眠、运动与性爱的科学保健养生原理和方法。 |
| ● |
| 相关链接 |
|
|
|
正题名:我的健康我做主
索取号:R161/Y301:2
 
预约/预借
| 序号 | 登录号 | 条形码 | 馆藏地/架位号 | 状态 | 备注 |
| 1 | 768525 | 207685254 | 自科库401/401自科库 4排4列5层/ [索取号:R161/Y301:2] | 在馆 | |
| 2 | 768526 | 207685263 | 自科库401/401自科库 4排4列5层/ [索取号:R161/Y301:2] | 在馆 | |
| 3 | 768527 | 207685272 | 自科库401/401自科库 4排4列5层/ [索取号:R161/Y301:2] | 在馆 |